Biblioteca

Epístolas morales a Lucilio / Séneca ; traducción y notas por Ismael Roca Meliá (Registro nro. 45316)

Detalles MARC
000 -LÍDER
Campo fijo de descripción fija 01132cam a2200289 i 4500
001 - NÚMERO DE CONTROL
Campo de control 18916
003 - IDENTIFICADOR DEL NÚMERO DE CONTROL
Campo de control CO-MdFUSB
005 - FECHA Y HORA DE LA ULTIMA TRANSACCIÓN
control field 20220813121513.0
008 - ELEMENTOS DE LONGITUD FIJA -- INFORMACIÓN GENERAL
Campo fijo de descripción fija -- Información general 220813t2008 sp |||| |||| 00| 0 spa d
020 ## - NÚMERO INTERNACIONAL NORMALIZADO PARA LIBROS
Número Internacional Normalizado del libro 978-84-249-1398-1
040 ## - FUENTE DE CATALOGACIÓN
Idioma de catalogación spa.
Agencia de catalogación original CO-MdFUSB
Agencia que realiza la transcripción CO-MdFUSB
Agencia que realiza la modificación CO-MdFUSBC
Convenciones de la descripción rda
041 ## - CÓDIGO DE IDIOMA
Código de idioma para texto/pista de sonido o título separado por
082 04 - NÚMERO DE CLASIFICACIÓN DECIMAL DEWEY
Número de clasificación R S6711e
100 1# - ASIENTO PRINCIPAL--NOMBRE PERSONAL
Nombre personal Séneca
245 10 - TÍTULO
Título del Material Epístolas morales a Lucilio / Séneca ; traducción y notas por Ismael Roca Meliá
Mención de responsabilidad, etc. /
264 #1 - PRODUCCIÓN, PUBLICACIÓN, DISTRIBUCIÓN, MANUFACTURA, Y COPYRIGHT
Lugar de producción, publicación, distribución, manufactura Madrid :
Nombre del productor, publicador, distribuidor Gredos,
Fecha de producción, publicación, distribución, manufactura, o copyright [2008]
264 #4 - PRODUCCIÓN, PUBLICACIÓN, DISTRIBUCIÓN, MANUFACTURA, Y COPYRIGHT
Fecha de producción, publicación, distribución, manufactura, o copyright © 2008
300 ## - DESCRIPCIÓN FÍSICA
Extensión 456 páginas
Dimensiones ;
336 ## - TIPO DE CONTENIDO
Fuente rdacontent
Término de tipo de contenido texto
Código de tipo de contenido txt
337 ## - TIPO DE MEDIO
Fuente rdamedia
Nombre del tipo de medio sin mediación
Código del tipo de medio n
338 ## - TIPO DE SOPORTE
Fuente rdacarrier
Nombre del tipo de soporte volumen
Código Tipo de soporte nc
501 ## - NOTA DE “CON”
Nota de Contenido pasta dura
505 ## - NOTA DE CONTENIDO
Nota de contenido con formato preestablecido Libro X (Epístolas 81-83) -- Libros XI-XIII (Epístolas 84-88) -- Libro XIV (Epístolas 89-92) -- Libro XV (Epístolas 93-95) -- Libro XVI (Epístolas 96-100) -- Libros XVII-XVIII (Epístolas 101-109) -- Libro XIX (Epístolas 110-117) -- Libro XX (Epístolas 118-124) -- Libro XXII [frs.] (Epístola 125)
650 14 - ASIENTO SECUNDARIO DE MATERIA - TERMINO TEMÁTICO
Término temático o nombre geográfico como elemento de entrada ETICA - FILOSOFIA \ OBRA CLASICA \ FILOSOFIA ANTIGUA
942 ## - TIPO DE MATERIAL (KOHA)
Tipo de Item KOHA Libros General
945 ## - INFORMACIÓN LOCAL DEL REGISTRO
Catalogador estudiante
Existencias
Estado de Material Estado de Perdido Forma de Clasificación Volumen-Parte/Tomo Estado de Dañado No para Préstamo Colección Tomo Biblioteca de Origen Biblioteca Permanente Fecha de Adquisición Total de Préstamos Signatura Topográfica Código de Barras Última vez visto Ejemplar/Existencia Fecha de Remplazo Tipo de Material
    Dewey Decimal Classification Vol. 2     Colección de Referencia 2 Biblioteca FUSBC Biblioteca FUSBC 01/12/2014   R S6711e 18924 19/11/2022 1 26/01/2016 Libros de Referencia

Biblioteca FUSBC | Teléfono: (57+4) 349 88 10 Ext. 141| WhatsApp (+57) 3005338115 
E-mail: biblioteca@unisbc.edu.co | Calle 76 87-14 Robledo Palenque, Medellín, Colombia

Con tecnología Koha